000
00312nam a2200157Ia 4500
100
_a
Lutz/Mark/ Ascher/David
942
_c
BK
366
_f
20
654
_a
python
245
_a
Learning Python
260
_b
Oreilly
_c
2004
082
_a
005.133 P
_b
LUT
300
_a
591
546
_a
ENGLISH
999
_c
26056
_d
26056